Melchor de Macanaz. Testamento político. Pedimento fiscal.

সংরক্ষণ করুন:
গ্রন্থ-পঞ্জীর বিবরন
প্রধান লেখক: Maldonado Macanaz, Joaquín (noticia biográfica)
অন্যান্য লেখক: Maldonado de Guevara, F (edición, notas)
বিন্যাস: গ্রন্থ
ভাষা:ইংরেজি
প্রকাশিত: Madrid, España: Ediciones del Instituto de Estudios Políticos, 1972.
মালা:Colección Historia Política.
বিষয়গুলি:
ট্যাগগুলো: ট্যাগ যুক্ত করুন
কোনো ট্যাগ নেই, প্রথমজন হিসাবে ট্যাগ করুন!

MARC

LEADER 00000nam a22000007a 4500
003 CL-VaPUC
005 20220829103417.0
008 220310t1972 ||||| |||| 00| 0 eng d
999 |c 434784  |d 434782 
040 |c Pontificia Universidad Católica de Valparaíso 
082 |a 340.092 MAL 1972 
100 |a Maldonado Macanaz, Joaquín   |9 867094  |e noticia biográfica 
245 |a Melchor de Macanaz.  |b Testamento político. Pedimento fiscal. 
260 |a Madrid, España:   |b Ediciones del Instituto de Estudios Políticos,  |c 1972. 
300 |a 241 páginas.  
490 |a Colección Historia Política.  
500 |a c.1 Donación Familia Prof. Alejandro Guzmán Brito. 
505 |a Índice: - Dedicatoria. - Noticia biográfica. - Pedimento fiscal. - Testamento político. - Algunas notas sobre Macanaz. 
583 |c 20220310  |k Yessy Stephany Diaz Vidal 
600 |a Macanaz, Melchor Rafael de  |9 869328 
651 |a España  |x Historia   |y Siglos 17-18  |9 869355 
700 |a Maldonado de Guevara, F  |e edición   |e notas   |9 867095 
942 |2 ddc  |c BK  |n 0 
952 |0 0  |1 0  |2 ddc  |4 0  |6 340_092000000000000_MAL_1972  |7 0  |8 C_AGB  |9 581792  |a BIBDER  |b BIBDER  |d 2022-03-10  |e Donación   |i 5650035  |o 340.092 MAL 1972  |p 5650035  |r 2023-01-25  |t 1  |w 2022-03-10  |y BK_US  |k AGB